000 01252nam a2200217 a 4500
001 000007379
005 20200929154141.0
008 090908s2001 dr 000 0 spa d
020 _a8400079442
040 _aDO-SdBNP
_bspa
_cBNPHU
082 _axxxx
_bxxxxx
245 1 0 _aArchivo gomá, documentos de la guerra civil : /
_cedición de José Andrés-Gallego y Antón M. Pazos.
246 1 4 _aDocumentos de la Guerra Civil
260 _aMadrid :
_bConsejo Superior de Investigaciones Científicas,
_c2001.
300 _a589 p. : ;
_c24 cm.
505 0 _t1 Julio-diciembre de 1936 / con la colaboración de Carlos Carrascal del Solar y José Manuel Martínez Jiméne --
_t2 Enero de 1937 / con la colaboración de Santiago María Barroso Sánchez-Lafuente --
_t3 Febrero de 1937 / con la colaboración de Santiago María Barroso Sánchez-Lafuente --
_t4 marzo de 1937/con la colaboración de José Andrés-Gallego, Antón M. Pozos
_t5 Abril-Mayo 1937 /con la colaboración de de José Andrés-Gallego, Antón M. Pozos
700 1 _aAndrés-Gallego, José,
_eed.
_920512
700 1 _aPazos, Antón M.
_eed.
_920513
700 1 _aBarroso Sánchez-Lafuente, Santiago María
_920514
710 2 _aConsejo Superior de Investigaciones Científicas (España)
_915178
999 _c7160
_d7160